Statistics for Biggest Cities Starting with A by Country

Click here to take the quiz!

General Stats

  • This quiz has been taken 210 times
    (208 since last reset)
  • The average score is 34 of 158

Answers on the Map

Answers color-coded by a green-red scale on the quiz's map according to % correct below.
 

Answer Stats

CountryCityPopulation% Correct
AlgeriaAlgiers3,915,811
93%
NetherlandsAmsterdam1,114,745
93%
TurkeyAnkara5,036,238
93%
Czech Republic13,182
93%
GreeceAthens3,168,846
93%
New ZealandAuckland1,470,100
93%
AustraliaAdelaide1,340,794
91%
EgyptAlexandria5,200,000
91%
United StatesAustin978,908
91%
GhanaAccra2,070,463
88%
EthiopiaAddis Ababa3,273,000
88%
NigeriaAbuja2,940,000
87%
JordanAmman1,812,059
87%
MadagascarAntananarivo1,275,207
87%
United KingdomAberdeen198,480
86%
United Arab EmiratesAbu Dhabi1,202,756
86%
BelgiumAntwerp529,247
83%
ParaguayAsunción521,600
83%
IndiaAhmedabad6,357,693
78%
Ivory CoastAbidjan4,395,243
77%
SyriaAleppo2,132,100
77%
TurkmenistanAshgabat827,500
76%
EritreaAsmara380,568
74%
DenmarkAarhus280,534
73%
KazakhstanAlmaty1,916,782
73%
AndorraAndorra la Vella19,383
69%
BahrainA'ali51,400
64%
SpainAlicante334,887
63%
YemenAden588,938
58%
GermanyAugsburg296,582
57%
SamoaApia37,391
53%
MoroccoAgadir421,844
46%
FranceAngers125,960
44%
PeruArequipa1,081,900
44%
PhilippinesAngeles1,332,870
43%
RussiaAstrakhan529,793
42%
ChinaAnshan1,504,996
38%
MexicoAguascalientes805,200
35%
ItalyAncona100,282
31%
IranAhvaz1,184,788
29%
TanzaniaArusha416,442
29%
ChileAntofagasta352,638
26%
CanadaAbbotsford121,279
23%
PortugalAmadora175,136
21%
NigerAgadez110,497
19%
IcelandAkureyri18,775
18%
IndonesiaAmbon305,984
16%
South KoreaAnsan707,385
16%
BrazilAracaju664,910
16%
RomaniaArad159,074
16%
PakistanAbbottabad208,491
14%
QatarAr-Rayyan589,531
11%
IsraelAshdod225,939
11%
ColombiaArmenia297,100
10%
SwitzerlandAarau21,773
9%
Costa RicaAlajuela196,900
9%
UzbekistanAndijan441,700
9%
SudanAl Fashir217,827
8%
LithuaniaAlytus49,895
8%
IraqAmara527,472
8%
EcuadorAmbato165,185
8%
DjiboutiAli-Sabieh37,939
7%
North KoreaAnju167,646
7%
ChadAbéché97,963
6%
BeninAbomey Calavi117,824
6%
VenezuelaAcarigua203,358
6%
UkraineAlchevsk106,941
6%
AustriaAmstetten23,816
6%
UruguayArtigas40,657
6%
IrelandAthlone15,686
6%
ArgentinaAzul57,600
6%
El SalvadorApopa131,286
5%
NorwayAsker94,441
5%
South AfricaAtlantis69,055
5%
PolandAugustów30,153
5%
FinlandÄänekoski18,765
4%
LibyaAjdabiya184,820
4%
Antigua and BarbudaAll Saints3,900
4%
JapanAmagasaki451,072
4%
MyanmarAmarapura80,824
4%
TunisiaAriana114,486
4%
CubaArtemisa48,704
4%
TogoAtakpamé81,100
4%
Dominican RepublicAzua63,055
4%
ArmeniaAbovyan44,900
3%
Equatorial GuineaAconibe8,795
3%
SomaliaAfgooye79,400
3%
NauruAiwo1,220
3%
HungaryAjka27,736
3%
GabonAkanda34,548
3%
BangladeshAkhaura36,262
3%
SurinameAlbina5,247
3%
TaiwanAlishan5,602
3%
Papua New GuineaAlotau11,857
3%
NepalAmargadhi22,241
3%
GuatemalaAmatitlán98,176
3%
MalaysiaAmpang Jaya476,613
3%
MontenegroAndrijevica1,048
3%
AngolaAndulo50,000
3%
GuyanaAnna Regina11,133
3%
VietnamAn Nhon78,976
3%
SeychellesAnse Étoile4,977
3%
SerbiaArandelovac24,797
3%
Trinidad and TobagoArima33,606
3%
PanamaArraiján96,676
3%
UgandaArua72,400
3%
BulgariaAsenovgrad48,483
3%
KenyaAthi River81,302
3%
Solomon IslandsAuki6,695
3%
South SudanAweil59,217
3%
GambiaAbuko15,811
2%
NicaraguaAcoyapa10,100
2%
San MarinoAcquaviva2,145
2%
TongaAfā474
2%
AzerbaijanAgjabedi40,400
2%
East TimorAinaro6,250
2%
PalauAirai1,928
2%
D. R. CongoAketi35,486
2%
GeorgiaAkhaltsikhe17,903
2%
OmanAl Amarat96,384
2%
MaldivesAlifushi1,804
2%
Sao Tome and PrincipeAlmas3,923
2%
Saudi ArabiaAl-Thuqbah238,066
2%
AfghanistanAndkhoy37,900
2%
MoldovaAnenii Noi8,100
2%
MozambiqueAngoche89,998
2%
JamaicaAnnotto Bay6,017
2%
HaitiAnse-à-Galets39,783
2%
Saint LuciaAnse La Raye6,382
2%
Sri LankaAnuradhapura50,595
2%
Marshall IslandsArno1,794
2%
BoliviaAscensión19,974
2%
BelarusAsipovichy29,900
2%
Cape VerdeAssomada12,026
2%
LaosAttapeu15,986
2%
KiribatiAbaiang5,568
1%
KuwaitAbdulla Al-Salem13,098
1%
ComorosAdda-Douéni10,858
1%
TajikistanAdrasman15,800
1%
SenegalAéré Lao9,472
1%
CyprusAglantziá20,783
1%
LatviaAizkraukle7,018
1%
SloveniaAjdovščina6,843
1%
SwedenÅkersberga36,275
1%
CameroonAkonolinga19,282
1%
LebanonAley30,000
1%
Central African RepublicAlindao14,401
1%
BahamasAndros Town2,318
1%
ThailandAng Sila36,055
1%
CambodiaAnlong Romiĕt4,250
1%
EstoniaAntsla1,276
1%
North MacedoniaAračinovo8,870
1%
NamibiaArandis5,170
1%
Burkina FasoArbinda9,790
1%
MongoliaArvaikheer32,347
1%
MaltaAttard11,630
1%
MauritaniaAyoun el Atrous22,796
1%
HondurasAzacualpa10,470
1%

Score Distribution

Percentile by Number Answered

Percent of People with Each Score

Your Score History

You have not taken this quiz since the last reset